000 00608nam a2200253Ia 4500
003 GCL
008 140319s9999 xx 000 0 eng d
040 _aGCL /
_cGCL
082 0 4 _aCC
_b962
_bN E
100 1 _aNEWBY, P.H.
245 1 0 _aETERNELLE EGYPTE /
_cNEWBY, P.H.
700 1 _aMAROON, FRED J.
260 _a[S.N] :
_bCHANTICLEER PRESS
300 _a259 P
650 0 4 _aEGYPT
650 0 4 _aANCIENT EGYPT
650 0 4 _aHISTORY
650 0 4 _aMOSQUES
650 0 4 _aMODERN EGYPT
650 0 4 _aISLAMIC MONUMENTS
650 0 4 _aRIVER NILE
650 0 4 _aCIVILIZATION, ANCIENT
942 _2ddc
_cBK
999 _c20503
_d20503